Score 0/17 Timer 02:00
34 Plays Today
Clue 4-letter word % Correct
What you are after being released from custodyFREE
95.7%
To run away from justiceFLEE
95.7%
Color associated with law enforcementBLUE
95.6%
What a defendant enters at arraignment (either guilty or not guilty)PLEA
95.4%
Spandau Ballet songTRUE
94.7%
Oak or elm, e.g.TREE
94.6%
Red Hot Chili Peppers bassistFLEA
94.5%
Game for Green, White, or Mustard?CLUE
94.4%
A heavy metal band may be a Motley one of theseCRUE
92.8%
Clue 4-letter word % Correct
The opposite of sweetSOUR
91.8%
Money paid to secure one's releaseBAIL
91%
Where one may go after convictionJAIL
90.1%
A witness may not remember because events mix together into thisBLUR
78.3%
An insulting or disparaging remarkSLUR
76.5%
2020 Pixar filmSOUL
60.2%
To become agitated, seetheBOIL
46.6%
To stain or defile morallySOIL
46.3%

Today's Daily Dose

Remove Ads.
Support Sporcle.
Get the best of Sporcle when you Go Orange. This ad-free experience offers more features, more stats, and more fun while also helping to support Sporcle. Thank you for becoming a member.

You're not logged in!

Compare scores with friends on all Sporcle quizzes.
OR
Log In

Show Comments

Extras

Top Quizzes Today


Score Distribution

Your Account Isn't Verified!

In order to create a playlist on Sporcle, you need to verify the email address you used during registration. Go to your Sporcle Settings to finish the process.

Report this User

Report this user for behavior that violates our Community Guidelines.

Details: